000 07327nam a22005177a 4500
005 20091217112139.0
008 091217t xxu||||| |||| 00| 0 hin d
020 _c125.00
_a9788188464395
035 _aB-375176-201
037 _bजाह्नवी प्रकाशन/ PUB
040 _aDPL
_bHN
082 _a
100 _aगुप्ता, विभा
_915703
245 _aपेड़ और शेर /
_cविभा गुप्ता
260 _aदिल्ली
_bजाह्नवी प्रकाशन
_c2009
270 _aए-71, फर्स्ट फ्लोर, विवेक विहार, फेज-1
_bदिल्ली
_e110095
300 _a64पृ.
_c24सेमी (अजिल्द)
_bसचित्र
942 _2ddc
_cCH
_h
_mगुप्तावि
999 _c33080
_d33080